000 00523nam a2200145Ia 4500
008 150223s9999 xx 000 0 und d
020 _a9717471495
050 _aH 62
_b.K96 1996
100 _aKumar, Ranjit.
245 _aResearch methodology :
_ba step-by-step guide for beginners /
_cRanjit Kumar.
260 _aAustralia :
_bAddison Wesley Longman Australia Pty Limited,
_c1996
300 _a276 pages :
_bIllustration ;
_c25 cm.
504 _aIncludes bibliography and Index.
650 _aResearch
_xResearch Methodologies
999 _c283304
_d283304